La despenalización del narcotráfico. (Registro nro. 42503)

Detalles MARC
000 -ENCABEZADO
Número de control [NR] 00841nam a2200205Ia 4500
008 - DE LONGITUD FIJA DE DATOS DE ELEMENTOS - INFORMACIÓN GENERAL
Elementos de longitud fija [NR] 130821s1996 bo a gr spa
040 ## - FUENTE DE CATALOGACION [NR]
Agencia de catalogación original [NR] Co-BoUCM
Idioma de catalogación [NR] spa
041 00 - CODIGO DE IDIOMA [R]
Código de idioma para texto/pista de sonido o título separado [R] Español
100 1# - ASIENTO PRINCIPAL--NOMBRE PERSONAL [NR]
Nombre personal [NR] Herrera Añez, William.
245 13 - MENCION DE TITULO [NR]
Título [NR] La despenalización del narcotráfico.
Mención de responsabilidad, etc. [NR] William Herrera Añez
260 ## - PUBLICACION, DISTRIBUCION, ETC. (PIE DE IMPRENTA) [R]
Lugar de publicación, distribución, etc. [R] Santa Cruz de la Sierra (Bolivia)
Nombre del editor, distribuidor, etc. [R] Editora Sirena
Fecha de publicación, distribución, etc. [R] 1996
300 ## - DESCRIPCION FISICA [R]
Extensión [R] 194 páginas
Otros detalles físicos [NR] ilustraciones
504 ## - NOTA DE BIBLIOGRAFIA, ETC. [R]
Nota de bibliografía, etc. [NR]
650 04 - ASIENTO SECUNDARIO DE MATERIA - TERMINO TEMATICO [R]
Término temático o nombre geográfico como elemento de entrada [NR] Control de drogas y narcóticos
Subdivisión general [R] Legislación
Subdivisión geográfica [R] Bolivia
9 (RLIN) 11879
650 04 - ASIENTO SECUNDARIO DE MATERIA - TERMINO TEMATICO [R]
Término temático o nombre geográfico como elemento de entrada [NR] Narcotráfico
Subdivisión general [R] Legislación
Subdivisión geográfica [R] Bolivia
9 (RLIN) 20085
651 ## - ASIENTO SECUNDARIO DE MATERIA - NOMBRE GEOGRAFICO [R]
Nombre geográfico [NR] Bolivia
Subdivisión general [R] Relaciones económicas internacionales
Subdivisión geográfica [R] Estados Unidos
9 (RLIN) 26818
651 ## - ASIENTO SECUNDARIO DE MATERIA - NOMBRE GEOGRAFICO [R]
Nombre geográfico [NR] Estados Unidos
Subdivisión general [R] Relaciones económicas internacionales
Subdivisión geográfica [R] Bolivia
9 (RLIN) 7595
942 ## - ELEMENTOS DE ENTRADA AGREGADOS (KOHA)
Tipo de ítem principal el descrito en 300a Libro
Tema principal Derecho
Edición 1
Parte restante de la signatura top. H564d
Sistema de clasificación DEWEY
Clasificación 364.157
Existencias
Fecha de último préstamo Total préstamos Total Renewals Signatura topográfica Código de barras Última vez visto Ejemplar Price effective from Tipo de ítem Nota pública (OPAC) Perdido Sistema de clasificación Dañado No prestable Tipo de ítem específico Suprimido Ubicación habitual Ubicación actual Localización Fecha de creación Forma de adquisición Costo
10/04/2014 5 2 364.157 H564d 100061482 04/12/2025 Ej.1 03/02/2013 Libro Spot Criminología e Investigación Criminal   DEWEY     Libro   Claustro Claustro 3er piso 28/02/2004 Donación 24500.00
26/02/2018 4 1 364.157 H564d 100070986 04/12/2025 Ej.2 03/02/2013 Libro Spot Criminología e Investigación Criminal   DEWEY     Libro   Claustro Claustro 3er piso 28/02/2005   26000.00